| 000 | 00666nam a22002177a 4500 | ||
|---|---|---|---|
| 005 | 20180206111848.0 | ||
| 010 | _aENG-122204 | ||
| 020 |
_a9789352605354 _c560.00 |
||
| 035 | _aEN-105736 | ||
| 037 | _bDBAD/PUB | ||
| 082 | _a658 | ||
| 100 | _aTripathi P C | ||
| 245 |
_aPrinciples of Management _cby P C Tripathi [and] P N Reddyy |
||
| 250 | _a6th ed | ||
| 260 |
_aChennai _bMcGraw Hill Education (India) _cc2017 |
||
| 270 |
_a444/1, Sri Ekambara Naicker Industrial Estate, Alapakkam,Porur _bChennai _e600116 |
||
| 300 |
_axxvii, 476p. _c24cm.(pbk) |
||
| 500 | _aIt includes index | ||
| 700 | _aReddy, P N | ||
| 942 |
_2ddc _cEN _h658 _mTRI |
||
| 999 |
_c149730 _d149730 |
||